00674nam a2200241 a 4500001001300000003000900013005001700022008004100039020001000080082001800090100001400108245003500122260003000157300000800187500003500195505001700230650002300247700001400270902000800284942000700292952011800299999001500417nice12345678IN_TiNIC20260116011430.0050524s1953 boma grp 000 0 eng  ac10000a297.822bIVA3 aIvanow, W aTruth-Worshippers of Kurdistan aBombaybQadri Pressc1953 a00p aincludes index and biblioraphy2 aBibliography aIsmailis-Doctrines1 aIvanow, W bSRS cBK 001040708StackRoom-aHMIbHMId2007-06-29g100.00l0o297.822 IVA3p01227r2007-06-29v100.00w2005-05-24yBK c1475d1475